MARC details
| 000 -LEADER |
| fixed length control field |
02456pam a2200565 i 4500 |
| 001 - CONTROL NUMBER |
| control field |
3446252 |
| 005 - DATE AND TIME OF LATEST TRANSACTION |
| control field |
20240718134858.0 |
| 008 - FIXED-LENGTH DATA ELEMENTS--GENERAL INFORMATION |
| fixed length control field |
231204s2024 nyu d 000 1 eng |
| 010 ## - LIBRARY OF CONGRESS CONTROL NUMBER |
| LC control number |
2023023718 |
| 020 ## - INTERNATIONAL STANDARD BOOK NUMBER |
| International Standard Book Number |
9780803739994 |
| Qualifying information |
(hardcover) : |
| Terms of availability |
$19.99 |
| 020 ## - INTERNATIONAL STANDARD BOOK NUMBER |
| International Standard Book Number |
0803739990 : |
| Terms of availability |
$19.99 |
| 020 ## - INTERNATIONAL STANDARD BOOK NUMBER |
| Cancelled/invalid ISBN |
9781101614181 |
| Qualifying information |
(ebook) |
| 035 ## - SYSTEM CONTROL NUMBER |
| System control number |
(OCoLC)1411841480 |
| 035 ## - SYSTEM CONTROL NUMBER |
| System control number |
(OCoLC)on1411841480 |
| 040 ## - CATALOGING SOURCE |
| Original cataloging agency |
DLC |
| Language of cataloging |
eng |
| Description conventions |
rda |
| Transcribing agency |
DLC |
| 042 ## - AUTHENTICATION CODE |
| Authentication code |
pcc |
| -- |
cyac |
| 050 00 - LIBRARY OF CONGRESS CALL NUMBER |
| Classification number |
PZ7.C26823 |
| Item number |
Th 2024 |
| 082 00 - DEWEY DECIMAL CLASSIFICATION NUMBER |
| Classification number |
[Fic] |
| Edition number |
23 |
| 092 ## - LOCALLY ASSIGNED DEWEY CALL NUMBER (OCLC) |
| Classification number |
young adult fiction |
| Item number |
Cashore |
| 100 1# - MAIN ENTRY--PERSONAL NAME |
| Personal name |
Cashore, Kristin, |
| Relator term |
author. |
| 9 (RLIN) |
5853642 |
| 245 10 - TITLE STATEMENT |
| Title |
There is a door in this darkness / |
| Statement of responsibility, etc |
by Kristin Cashore. |
| 264 #1 - Production, Publication, Distribution, Manufacture, and Copyright Notice. |
| Place of production, publication, distribution, manufacture |
New York : |
| Name of producer, publisher, distributor, manufacturer |
Dutton Books, |
| Date of production, publication, distribution, manufacture, or copyr |
2024. |
| 300 ## - PHYSICAL DESCRIPTION |
| Extent |
375 pages ; |
| Dimensions |
22 cm |
| 336 ## - Content Type |
| Content type term |
text |
| 337 ## - Media type |
| Media type term |
unmediated |
| 338 ## - Carrier type |
| Carrier type term |
volume |
| 520 ## - SUMMARY, ETC. |
| Summary, etc |
With the help of bizarre messages that keep appearing in her life, teenage Wilhelmina tries to overcome grief and depression brought on by the national trauma of 2016-2020 and the loss of her beloved aunt. |
| 521 1# - TARGET AUDIENCE NOTE |
| Target audience note |
12-19 |
| Source |
Brodart. |
| 521 2# - TARGET AUDIENCE NOTE |
| Target audience note |
7-12 |
| Source |
Brodart. |
| 650 #0 - SUBJECT ADDED ENTRY--TOPICAL TERM |
| Topical term or geographic name as entry element |
Loss |
| Form subdivision |
Juvenile fiction. |
| 9 (RLIN) |
6490762 |
| 650 #0 - SUBJECT ADDED ENTRY--TOPICAL TERM |
| Topical term or geographic name as entry element |
Psychic trauma |
| Form subdivision |
Juvenile fiction. |
| 9 (RLIN) |
5702711 |
| 650 #0 - SUBJECT ADDED ENTRY--TOPICAL TERM |
| Topical term or geographic name as entry element |
Depression, Mental |
| Form subdivision |
Juvenile fiction. |
| 9 (RLIN) |
5701819 |
| 650 #0 - SUBJECT ADDED ENTRY--TOPICAL TERM |
| Topical term or geographic name as entry element |
Magic |
| Form subdivision |
Juvenile fiction. |
| 9 (RLIN) |
5673690 |
| 650 #1 - SUBJECT ADDED ENTRY--TOPICAL TERM |
| Topical term or geographic name as entry element |
Loss |
| Form subdivision |
Fiction. |
| 9 (RLIN) |
6460970 |
| 650 #1 - SUBJECT ADDED ENTRY--TOPICAL TERM |
| Topical term or geographic name as entry element |
Psychic trauma |
| Form subdivision |
Fiction. |
| 9 (RLIN) |
5706116 |
| 650 #1 - SUBJECT ADDED ENTRY--TOPICAL TERM |
| Topical term or geographic name as entry element |
Depression, Mental |
| Form subdivision |
Fiction. |
| 9 (RLIN) |
5701821 |
| 650 #1 - SUBJECT ADDED ENTRY--TOPICAL TERM |
| Topical term or geographic name as entry element |
Magic |
| Form subdivision |
Fiction. |
| 9 (RLIN) |
5673694 |
| 650 #7 - SUBJECT ADDED ENTRY--TOPICAL TERM |
| Topical term or geographic name as entry element |
YOUNG ADULT FICTION / Social Themes / Death, Grief, Bereavement. |
| Source of heading or term |
bisacsh |
| 9 (RLIN) |
6003598 |
| 650 #7 - SUBJECT ADDED ENTRY--TOPICAL TERM |
| Topical term or geographic name as entry element |
YOUNG ADULT FICTION / Coming of Age. |
| Source of heading or term |
bisacsh |
| 9 (RLIN) |
5739284 |
| 650 #7 - SUBJECT ADDED ENTRY--TOPICAL TERM |
| Topical term or geographic name as entry element |
YOUNG ADULT FICTION / Social Themes / Friendship. |
| Source of heading or term |
bisacsh |
| 9 (RLIN) |
5718249 |
| 655 #7 - INDEX TERM--GENRE/FORM |
| Genre/form data or focus term |
Magic realist fiction. |
| Source of term |
lcgft |
| 9 (RLIN) |
5777669 |
| 655 #7 - INDEX TERM--GENRE/FORM |
| Genre/form data or focus term |
Novels. |
| Source of term |
lcgft |
| 776 08 - ADDITIONAL PHYSICAL FORM ENTRY |
| Display text |
Online version: |
| Main entry heading |
Cashore, Kristin. |
| Title |
There is a door in this darkness |
| Place, publisher, and date of publication |
New York : Dutton Books, 2024 |
| International Standard Book Number |
9781101614181 |
| Record control number |
(DLC) 2023023719 |
| 942 ## - ADDED ENTRY ELEMENTS (KOHA) |
| Source of classification or shelving scheme |
Dewey Decimal Classification |
| Koha item type |
BOOK |